Providence and predestination (Record no. 45867)
[ view plain ]
| 000 -LEADER | |
|---|---|
| fixed length control field | 00534nam a2200217Ia 4500 |
| 003 - CONTROL NUMBER IDENTIFIER | |
| control field | 0100 |
| 005 - DATE AND TIME OF LATEST TRANSACTION | |
| control field | 20171018094309.0 |
| 008 - FIXED-LENGTH DATA ELEMENTS--GENERAL INFORMATION | |
| fixed length control field | 130303s9999 xx 000 0 und d |
| 020 ## - INTERNATIONAL STANDARD BOOK NUMBER | |
| International Standard Book Number | 0895269376 |
| 040 ## - CATALOGING SOURCE | |
| Transcribing agency | ARRUPELIB |
| 050 ## - LIBRARY OF CONGRESS CALL NUMBER | |
| Classification number | B765.T531 1961 |
| 300 ## - PHYSICAL DESCRIPTION | |
| Other physical details | 18cm. |
| 100 ## - MAIN ENTRY--PERSONAL NAME | |
| Personal name | Aquinas, Thomas Saint |
| 9 (RLIN) | 37106 |
| 245 ## - TITLE STATEMENT | |
| Title | Providence and predestination |
| 245 ## - TITLE STATEMENT | |
| Remainder of title | truth, questions 5 & 6 |
| 260 ## - PUBLICATION, DISTRIBUTION, ETC. (IMPRINT) | |
| Place of publication, distribution, etc | South Bend, Indiana |
| 260 ## - PUBLICATION, DISTRIBUTION, ETC. (IMPRINT) | |
| Name of publisher, distributor, etc | Regnery / Gateway |
| 300 ## - PHYSICAL DESCRIPTION | |
| Extent | 154p. |
| 650 ## - SUBJECT ADDED ENTRY--TOPICAL TERM | |
| Topical term or geographic name as entry element | Providence |
| 9 (RLIN) | 37201 |
| 650 ## - SUBJECT ADDED ENTRY--TOPICAL TERM | |
| Topical term or geographic name as entry element | Predestination and determination |
| 9 (RLIN) | 37202 |
| 700 ## - ADDED ENTRY--PERSONAL NAME | |
| Personal name | Mulligan, Robert W |
| 9 (RLIN) | 37203 |
| 942 ## - ADDED ENTRY ELEMENTS (KOHA) | |
| Source of classification or shelving scheme | Library of Congress Classification |
| Koha item type | Monograph ( Printed materials) |
| Withdrawn status | Lost status | Source of classification or shelving scheme | Damaged status | Not for loan | Collection code | Home library | Current library | Shelving location | Date acquired | Total Checkouts | Full call number | Barcode | Date last seen | Copy number | Price effective from | Koha item type |
|---|---|---|---|---|---|---|---|---|---|---|---|---|---|---|---|---|
| Library of Congress Classification | Main Collection | ARRUPE LIBRARY | ARRUPE LIBRARY | Main Collection | 04/03/2013 | B765.T531 C61 M8 1961 | 46003088807 | 04/03/2013 | 1 | 04/03/2013 | Monograph ( Printed materials) |